5HLuxD.jpg

KING HENRY VIII SENIOR AND PRIMARY SCHOOL LIBRARY OPAC

Mira 3 : (Record no. 3159)

000 -LEADER
fixed length control field 00506nam a22001937a 4500
003 - CONTROL NUMBER IDENTIFIER
control field OSt
005 - DATE AND TIME OF LATEST TRANSACTION
control field 20231023095119.0
008 - FIXED-LENGTH DATA ELEMENTS--GENERAL INFORMATION
fixed length control field 231023b ||||| |||| 00| 0 eng d
020 ## - INTERNATIONAL STANDARD BOOK NUMBER
International Standard Book Number 9780435391928
040 ## - CATALOGING SOURCE
Transcribing agency KH8
082 ## - DEWEY DECIMAL CLASSIFICATION NUMBER
Classification number 400 MCL
100 ## - MAIN ENTRY--PERSONAL NAME
Personal name McLachlan, Anneli,
Relator term author.
245 ## - TITLE STATEMENT
Title Mira 3 :
Remainder of title Rojo CD /
Statement of responsibility, etc. Anneli McLachlan.
260 ## - PUBLICATION, DISTRIBUTION, ETC.
Place of publication, distribution, etc. Harlow ;
Name of publisher, distributor, etc. Heinemann,
Date of publication, distribution, etc. 2008.
300 ## - PHYSICAL DESCRIPTION
Dimensions 5.04 x 1.22 x 5.63 inches
500 ## - GENERAL NOTE
General note CD-ROM
650 ## - SUBJECT ADDED ENTRY--TOPICAL TERM
Topical term or geographic name entry element Foreign language
Form subdivision Cd-rom
942 ## - ADDED ENTRY ELEMENTS (KOHA)
Source of classification or shelving scheme
Koha item type Multimedia Resources
Holdings
Withdrawn status Lost status Source of classification or shelving scheme Damaged status Not for loan Collection code Permanent Location Current Location Shelving location Date acquired Full call number Barcode Date last seen Price effective from Koha item type
          Teaching Resources KH8 Senior School Library KH8 Senior School Library Staff Office 2023-10-23 400 MCL TRKHSL004519CD 2023-10-23 2023-10-23 Multimedia Resources
          Teaching Resources KH8 Senior School Library KH8 Senior School Library Staff Office 2023-10-23 400 MCL TRKHSL004520CD 2023-10-23 2023-10-23 Multimedia Resources
          Teaching Resources KH8 Senior School Library KH8 Senior School Library Staff Office 2023-10-23 400 MCL TRKHSL004521CD 2023-10-23 2023-10-23 Multimedia Resources

Powered By KH8 IT Dept